[Event "Superbet CRO Rapid 2024"]
[Site "Zagreb CRO"]
[Date "2024.07.11"]
[Round "5.5"]
[White "Aronian, Levon"]
[Black "Firouzja, Alireza"]
[Result "1/2-1/2"]
[WhiteTitle "GM"]
[BlackTitle "GM"]
[WhiteElo "2729"]
[BlackElo "2744"]
[WhiteFideId "13300474"]
[BlackFideId "12573981"]
[EventDate "2024.07.10"]

1. e4 c5 2. Nf3 d6 3. d4 cxd4 4. Nxd4 Nf6 5. Nc3 a6 6. Be2 e5 7. Nb3 Be7 8. O-O
O-O 9. Re1 Nc6 10. f3 b5 11. a4 bxa4 12. Rxa4 Bd7 13. Be3 Qb8 14. Rxa6 Rxa6 15.
Bxa6 Nb4 16. Bf1 Rc8 17. Nc1 Be6 18. Bf2 h6 19. Qe2 Nc6 20. Qb5 Nd4 21. Qxb8
Rxb8 22. Bxd4 exd4 23. Nb5 Bd7 24. Nxd4 Rxb2 25. Ncb3 Bd8 26. Ra1 Bb6 27. Kh1 g5
28. Bd3 h5 29. g3 Bh3 30. Bf1 g4 31. Bxh3 gxh3 32. Rd1 Nd7 33. Nf5 Rxc2 34. Nbd4
Rf2 35. Nc6 Kh7 36. Nxd6 Rxf3 37. Nc4 Bc7 38. Nd4 Rc3 39. Ne2 Rxc4 40. Rxd7 Rc2
41. Ng1 Rc1 42. Rxf7+ Kg6 43. Rxc7 Rxc7 44. Nxh3 Rc2 45. Kg1 Kf6 46. Nf2 Ke5 47.
Kg2 Rc3 48. Nh3 Kxe4 49. Nf4 h4 50. Kh3 hxg3 51. hxg3 Rxg3+ 52. Kxg3 1/2-1/2

[Event "Superbet CRO Rapid 2024"]
[Site "Zagreb CRO"]
[Date "2024.07.11"]
[Round "6.2"]
[White "Aronian, Levon"]
[Black "Saric, Ivan"]
[Result "1-0"]
[WhiteTitle "GM"]
[BlackTitle "GM"]
[WhiteElo "2729"]
[BlackElo "2690"]
[WhiteFideId "13300474"]
[BlackFideId "14508150"]
[EventDate "2024.07.10"]

1. e4 c5 2. Nf3 d6 3. Bc4 Nf6 4. d3 Nc6 5. O-O a6 6. Bb3 Na5 7. e5 Nxb3 8. axb3
dxe5 9. Nxe5 e6 10. Nc3 Be7 11. Qf3 O-O 12. Bg5 h6 13. Bh4 Nd7 14. Nxd7 Qxd7 15.
Bg3 Ra7 16. Na4 Qd8 17. Bb8 Ra8 18. Qg3 b5 19. Bc7 Qe8 20. Nb6 Ra7 21. Bb8 Rb7
22. Be5 f6 23. Nxc8 Qxc8 24. Bf4 Kh8 25. Rxa6 e5 26. Be3 c4 27. Qg6 Bc5 28. Bxc5
Qxc5 29. Qe4 Rc7 30. bxc4 bxc4 31. Ra8 Rxa8 32. Qxa8+ Rc8 33. Qb7 cxd3 34. cxd3
Qc2 35. b4 Rd8 36. b5 Qxd3 37. h3 Qd6 38. Rc1 Qb8 39. Qa6 e4 40. b6 e3 41. fxe3
Qe5 42. Qe2 Rb8 43. Rb1 Qe4 44. Rb3 Qd5 45. Qc2 Qd7 46. Qc7 Qd1+ 47. Kh2 Re8 48.
Ra3 Kh7 49. Ra7 1-0

[Event "Superbet CRO Rapid 2024"]
[Site "Zagreb CRO"]
[Date "2024.07.11"]
[Round "6.3"]
[White "Caruana, Fabiano"]
[Black "So, Wesley"]
[Result "1/2-1/2"]
[WhiteTitle "GM"]
[BlackTitle "GM"]
[WhiteElo "2796"]
[BlackElo "2757"]
[WhiteFideId "2020009"]
[BlackFideId "5202213"]
[EventDate "2024.07.10"]

1. c4 e5 2. g3 Nf6 3. Bg2 c6 4. Nf3 e4 5. Nd4 Qb6 6. e3 d5 7. Nc3 Bg4 8. Qb3 Na6
9. cxd5 Qxb3 10. axb3 cxd5 11. O-O Nb4 12. Ncb5 Kd7 13. f3 exf3 14. Nxf3 Nd3 15.
Ra4 Bc5 16. Nc3 Be6 17. Nd4 a5 18. Bf3 Bb4 19. Be2 Nc5 20. Ra1 h5 21. d3 Bg4 22.
Bxg4+ hxg4 23. Na4 Nxa4 24. bxa4 Rh5 25. b3 Bc3 26. Ra2 Bxd4 27. exd4 Rc8 28.
Bd2 b6 29. b4 axb4 30. Bxb4 Rhh8 31. Bd2 Rc6 32. Rb2 Ra8 33. Rb4 Re8 34. Rf2
Ree6 35. Rb5 Rc2 36. a5 bxa5 37. Rxa5 Rb6 38. Ra7+ Ke6 39. Kg2 Rbb2 40. Ra6+ Kd7
41. Ra7+ Ke6 42. Ra6+ Kd7 43. Ra7+ Kc6 44. Be3 Rxf2+ 45. Bxf2 Nd7 46. Ra8 Kd6
47. Rh8 g5 48. Kf1 f6 49. Be1 Nb8 50. h4 gxh3 51. Rxh3 Nc6 52. g4 Rb3 53. Bf2
Nb4 54. Ke2 Rb2+ 55. Ke1 Ra2 56. Rf3 Ke6 57. Re3+ Kf7 58. Rh3 Kg6 59. Rf3 Nc2+
60. Kd1 Nb4 61. Ke1 Nc6 62. Rf5 Ne7 63. Rf3 Ng8 64. Rg3 Nh6 65. Kf1 f5 66. gxf5+
Nxf5 67. Rg2 Ra1+ 68. Ke2 Ra2+ 69. Kf1 Kh5 70. Rh2+ Nh4 71. Rh3 Kg4 72. Re3 Ra1+
73. Ke2 Ra2+ 74. Kf1 Ra1+ 75. Ke2 Ng6 76. Bg3 Ra2+ 77. Kf1 Ra4 78. Be5 Nh4 79.
Rg3+ Kf5 80. Rh3 Ng6 81. Re3 Nf4 82. Kg1 g4 83. Kf1 Ra1+ 84. Kf2 Ra2+ 85. Kf1
Ra1+ 86. Kf2 Nh3+ 87. Kg2 Ng5 88. Bg3 Ra2+ 89. Kf1 Nf3 90. Re8 Ra1+ 91. Kf2 Ra4
92. Rf8+ Ke6 93. Re8+ Kd7 94. Rg8 Rxd4 95. Ke3 Ra4 96. Bf4 Nd4 97. Rxg4 Ne6 98.
Rh4 Nxf4 99. Rxf4 Rxf4 100. Kxf4 Ke6 101. d4 Kf6 102. Kg4 Kg6 103. Kf4 Kf6 104.
Kg4 Kg6 105. Kf4 Kf6 1/2-1/2

[Event "Superbet CRO Rapid 2024"]
[Site "Zagreb CRO"]
[Date "2024.07.11"]
[Round "6.4"]
[White "Firouzja, Alireza"]
[Black "Vachier-Lagrave, Maxime"]
[Result "1/2-1/2"]
[WhiteTitle "GM"]
[BlackTitle "GM"]
[WhiteElo "2744"]
[BlackElo "2718"]
[WhiteFideId "12573981"]
[BlackFideId "623539"]
[EventDate "2024.07.10"]

1. e4 c5 2. Nf3 d6 3. d4 cxd4 4. Nxd4 Nf6 5. Nc3 a6 6. h3 e6 7. g4 h6 8. Bg2 Be7
9. b3 Bd7 10. Bb2 Nc6 11. Nce2 Qa5+ 12. Bc3 Qc7 13. Qd2 Nxd4 14. Bxd4 e5 15. Bb2
Bc6 16. Ng3 g6 17. c4 Nd7 18. Nf1 Nc5 19. Ne3 Bg5 20. Qc2 Bxe3 21. fxe3 b5 22.
O-O b4 23. Rf6 Qe7 24. Raf1 O-O 25. Qd2 Rad8 26. Qxb4 Bxe4 27. Qd2 a5 28. Ba3
Kg7 29. Qf2 Bxg2 30. Qxg2 Qxf6 31. Rxf6 Kxf6 32. Qd5 Rfe8 33. Bb2 Ke7 34. Bc3
Ra8 35. Bxe5 dxe5 36. Qxc5+ Kf6 37. Kf2 Kg7 38. Qb5 e4 39. c5 Re5 40. Qd7 Ree8
41. Qd4+ Kg8 42. a3 Rad8 43. Qa4 Rd2+ 44. Kg3 Re6 45. Qc4 Rc6 46. b4 axb4 47.
axb4 g5 48. Qxe4 Re6 49. Qa8+ Kh7 50. Qa3 Rf6 51. Qc3 Rff2 52. Qe5 f6 53. Qe4+
Kg7 54. h4 gxh4+ 55. Kxh4 Rh2+ 56. Kg3 h5 57. gxh5 Rxh5 58. c6 Re5 59. Qf4 Rc2
60. Kf3 Rxc6 61. Qg4+ Kf8 62. Qd7 Rce6 63. Qd4 Rxe3+ 64. Qxe3 Rxe3+ 65. Kxe3 Ke7
66. b5 Kd6 67. Kf4 Kc5 68. Kf5 Kxb5 69. Kxf6 1/2-1/2

[Event "Superbet CRO Rapid 2024"]
[Site "Zagreb CRO"]
[Date "2024.07.11"]
[Round "6.5"]
[White "Vidit, Santosh Gujrathi"]
[Black "Giri, Anish"]
[Result "1/2-1/2"]
[WhiteTitle "GM"]
[BlackTitle "GM"]
[WhiteElo "2720"]
[BlackElo "2745"]
[WhiteFideId "5029465"]
[BlackFideId "24116068"]
[EventDate "2024.07.10"]

1. d4 Nf6 2. c4 e6 3. Nf3 d5 4. g3 Be7 5. Bg2 O-O 6. O-O dxc4 7. Qc2 a6 8. a4
Bd7 9. Qxc4 Bc6 10. Bg5 Nbd7 11. Rd1 h6 12. Bxf6 Nxf6 13. Nc3 a5 14. Ne5 Bxg2
15. Kxg2 c6 16. Qb3 Qc7 17. e3 Bb4 18. Rac1 Nd7 19. Nd3 Bxc3 20. Qxc3 Nf6 21.
Qb3 Rfd8 22. Nc5 b6 23. Nd3 Rac8 24. f3 Nd5 25. Kf2 Ne7 26. Nf4 Nd5 27. Nd3 Ne7
28. Nf4 Nd5 1/2-1/2

[Event "Superbet CRO Rapid 2024"]
[Site "Zagreb CRO"]
[Date "2024.07.12"]
[Round "7.2"]
[White "Giri, Anish"]
[Black "Nepomniachtchi, Ian"]
[Result "1/2-1/2"]
[WhiteTitle "GM"]
[BlackTitle "GM"]
[WhiteElo "2745"]
[BlackElo "2770"]
[WhiteFideId "24116068"]
[BlackFideId "4168119"]
[EventDate "2024.07.10"]

1. Nf3 d5 2. e3 Nf6 3. c4 e6 4. b3 Be7 5. Bb2 O-O 6. Be2 b6 7. Nc3 Bb7 8. cxd5
Nxd5 9. Nxd5 Bxd5 10. O-O c5 11. d4 Nd7 12. Rc1 Rc8 13. Bc4 Nf6 14. Qe2 cxd4 15.
Nxd4 Bxc4 16. Rxc4 Qd7 17. Rfc1 Rc5 18. b4 Rxc4 19. Qxc4 Nd5 20. Nc6 Bf6 21.
Bxf6 Nxf6 22. b5 h5 23. h3 Ra8 24. Qe2 Qb7 25. Qf3 Re8 26. e4 a6 27. a4 axb5 28.
axb5 Qa8 29. e5 Nd5 30. Qxh5 Qa4 31. Qe2 Ra8 32. g3 Qb3 33. Nd4 Qb4 34. Nf3 g6
35. Ng5 Qa3 36. Qd2 Kg7 37. Ne4 Qf3 38. Re1 Ra3 39. Nd6 Rd3 40. Qg5 Nc3 41. Qf6+
Qxf6 42. Ne8+ Kf8 43. Nxf6 Nxb5 44. Rb1 Nd4 45. Rxb6 Nf3+ 46. Kg2 Nxe5 47. Rb8+
Kg7 48. Ne8+ Kh6 49. Nf6 Kg7 50. Ne8+ Kh6 51. Nf6 Kg7 1/2-1/2

[Event "Superbet CRO Rapid 2024"]
[Site "Zagreb CRO"]
[Date "2024.07.12"]
[Round "7.3"]
[White "Saric, Ivan"]
[Black "Firouzja, Alireza"]
[Result "0-1"]
[WhiteTitle "GM"]
[BlackTitle "GM"]
[WhiteElo "2690"]
[BlackElo "2744"]
[WhiteFideId "14508150"]
[BlackFideId "12573981"]
[EventDate "2024.07.10"]

1. Nf3 c5 2. e4 d6 3. d4 cxd4 4. Nxd4 Nf6 5. Nc3 a6 6. f3 e5 7. Nb3 Be6 8. Be3
Nbd7 9. g4 h6 10. Qd2 b5 11. O-O-O Qc7 12. Kb1 Nb6 13. h4 b4 14. Qf2 bxc3 15.
Bxb6 Qc8 16. bxc3 Qxc3 17. Ba5 Qc6 18. Rg1 Be7 19. Rd3 Nd7 20. Qd2 Nc5 21. Qc3
Bxh4 22. f4 Rc8 23. Nxc5 Qxc5 24. Qxc5 Rxc5 25. Bb4 Rb5 26. Rb3 Bxb3 27. Bxb5+
axb5 28. cxb3 exf4 29. Bxd6 g5 30. Rd1 f6 31. a4 bxa4 32. bxa4 Kf7 33. a5 Bf2
34. Kc2 Be3 35. Kd3 h5 36. gxh5 g4 37. a6 g3 38. a7 Bxa7 39. Bxf4 g2 40. Bh2
Rxh5 41. Bg1 Rh1 0-1

[Event "Superbet CRO Rapid 2024"]
[Site "Zagreb CRO"]
[Date "2024.07.12"]
[Round "7.4"]
[White "So, Wesley"]
[Black "Aronian, Levon"]
[Result "1/2-1/2"]
[WhiteTitle "GM"]
[BlackTitle "GM"]
[WhiteElo "2757"]
[BlackElo "2729"]
[WhiteFideId "5202213"]
[BlackFideId "13300474"]
[EventDate "2024.07.10"]

1. d4 Nf6 2. c4 e6 3. g3 d5 4. Bg2 c5 5. cxd5 Nxd5 6. Nf3 cxd4 7. O-O Bc5 8.
Nxd4 O-O 9. Nc3 Nxc3 10. bxc3 e5 11. Nb3 Bd6 12. Qd5 Nc6 13. Rd1 Be7 14. Qxd8
Rxd8 15. Rxd8+ Bxd8 16. Be3 Bb6 17. Bxb6 axb6 18. Bd5 Ne7 19. Bc4 Bd7 20. Rd1
Ba4 21. Kf1 g6 22. Rc1 Nf5 23. Ke1 Nd6 24. Nd2 Bc6 25. Bb3 Kf8 26. Nc4 Nxc4 27.
Bxc4 b5 28. Bb3 Ke7 29. h4 h6 30. Kd2 g5 31. hxg5 hxg5 32. c4 Rd8+ 33. Ke1 bxc4
34. Rxc4 f5 35. Bc2 Kf6 36. g4 f4 37. Be4 Bxe4 38. Rxe4 Ra8 39. a4 b5 40. axb5
Ra1+ 41. Kd2 Rb1 42. Rc4 Rxb5 43. Kd3 Rb2 44. Rc6+ Kf7 45. Rc7+ Ke6 46. Rg7 Kf6
47. Rc7 Ke6 48. Rg7 Kf6 49. Rc7 Ke6 50. Rg7 1/2-1/2

[Event "Superbet CRO Rapid 2024"]
[Site "Zagreb CRO"]
[Date "2024.07.12"]
[Round "7.5"]
[White "Vachier-Lagrave, Maxime"]
[Black "Vidit, Santosh Gujrathi"]
[Result "1-0"]
[WhiteTitle "GM"]
[BlackTitle "GM"]
[WhiteElo "2718"]
[BlackElo "2720"]
[WhiteFideId "623539"]
[BlackFideId "5029465"]
[EventDate "2024.07.10"]

1. c4 e6 2. e4 d5 3. cxd5 exd5 4. exd5 Nf6 5. Bb5+ Nbd7 6. Nc3 Be7 7. d4 O-O 8.
Nf3 Nb6 9. h3 Nbxd5 10. O-O Bf5 11. Re1 c6 12. Bc4 Bb4 13. Bd2 Bxc3 14. bxc3 Ne4
15. Rc1 Re8 16. Bb3 Qc7 17. Ne5 Rad8 18. c4 Nxd2 19. cxd5 Nxb3 20. Qxb3 Bg6 21.
Re3 Rb8 22. dxc6 bxc6 23. Nxc6 Kh8 24. d5 h6 25. Qa3 Rxe3 26. Qxe3 Rc8 27. Rd1
a6 28. Qe7 Qf4 29. d6 Qa4 30. Re1 Qxc6 31. d7 Kh7 32. dxc8=Q Qxc8 33. Qe3 Qc4
34. a3 Qc2 35. Rc1 Qb2 36. Rc5 Qb1+ 37. Kh2 Qb2 38. Ra5 Qb8+ 39. f4 Qc8 40. Qc5
Qb7 41. f5 Bh5 42. f6 gxf6 43. Qd6 Be2 44. Rf5 Bc4 45. Rxf6 Be6 46. Qf4 1-0

[Event "Superbet CRO Rapid 2024"]
[Site "Zagreb CRO"]
[Date "2024.07.12"]
[Round "8.1"]
[White "Saric, Ivan"]
[Black "So, Wesley"]
[Result "0-1"]
[WhiteTitle "GM"]
[BlackTitle "GM"]
[WhiteElo "2690"]
[BlackElo "2757"]
[WhiteFideId "14508150"]
[BlackFideId "5202213"]
[EventDate "2024.07.10"]

1. Nf3 d5 2. g3 Nf6 3. Bg2 e6 4. O-O Be7 5. d3 O-O 6. Nbd2 c5 7. e4 Nc6 8. Re1
b5 9. e5 Nd7 10. Nf1 a5 11. h4 b4 12. N1h2 Qc7 13. Bf4 a4 14. a3 bxa3 15. bxa3
Ba6 16. h5 h6 17. Qd2 Rfc8 18. Ng4 Qd8 19. c4 dxc4 20. Bxh6 c3 21. Qf4 Bxd3 22.
Ng5 Qf8 23. Bxc6 Rxc6 24. Qf3 gxh6 25. Nxf7 c4 26. Ngxh6+ Kh7 27. Qxc6 Nc5 28.
g4 Rc8 29. Qg2 Qg7 30. Rac1 Rf8 31. Rxc3 Bg5 32. f4 Bxh6 33. Nxh6 Rxf4 34. g5
Qa7 35. Kh2 Ne4 36. Ng4 Rxg4 37. Qxg4 Qf2+ 38. Kh3 Qxe1 39. g6+ Kg7 40. h6+ Kxh6
41. Qf4+ Ng5+ 42. Kg2 Be4+ 0-1

[Event "Superbet CRO Rapid 2024"]
[Site "Zagreb CRO"]
[Date "2024.07.12"]
[Round "8.2"]
[White "Nepomniachtchi, Ian"]
[Black "Vachier-Lagrave, Maxime"]
[Result "1/2-1/2"]
[WhiteTitle "GM"]
[BlackTitle "GM"]
[WhiteElo "2770"]
[BlackElo "2718"]
[WhiteFideId "4168119"]
[BlackFideId "623539"]
[EventDate "2024.07.10"]

1. e4 c5 2. Nf3 d6 3. d4 cxd4 4. Nxd4 Nf6 5. Bc4 e6 6. Bd3 g6 7. c4 Bg7 8. Nc3
O-O 9. O-O d5 10. exd5 exd5 11. Bg5 dxc4 12. Bxc4 h6 13. Bh4 Qc7 14. Bb3 Qb6 15.
Rc1 Nc6 16. Nxc6 bxc6 17. Qd6 Rd8 18. Qe5 Re8 19. Qd6 Rd8 20. Qe7 Rd7 21. Qe5 g5
22. Bg3 Ba6 23. Rfe1 Re8 24. Qf5 Qd8 25. h3 Bd3 26. Qf3 Bg6 27. Qxc6 Rxe1+ 28.
Rxe1 Kh7 29. Qc5 Nh5 30. Be5 Nf4 31. Bc4 Bxe5 32. Qxe5 Qc7 33. Qxc7 Rxc7 34. Bf1
Kg7 35. Rd1 Bf5 36. f3 h5 37. h4 gxh4 38. Rd4 Ng6 39. Rd5 Ne7 40. Rd4 Ng6 41.
Kf2 Be6 42. Bd3 Ne5 43. Be2 Rb7 44. Rxh4 Rxb2 45. Rxh5 Nd3+ 46. Ke3 Nc1 47. Ra5
Rc2 48. Ra3 Nxe2 49. Nxe2 Rxa2 50. Rc3 a5 51. g4 a4 52. Nd4 Rb2 53. Rc7 Rb6 54.
Ra7 Bb3 55. f4 Bd1 56. g5 Kg6 57. Kd2 Rd6 58. Ke3 Rb6 59. Kd2 Rd6 60. Ke3 Rb6 1/2-1/2

[Event "Superbet CRO Rapid 2024"]
[Site "Zagreb CRO"]
[Date "2024.07.12"]
[Round "8.3"]
[White "Caruana, Fabiano"]
[Black "Giri, Anish"]
[Result "1-0"]
[WhiteTitle "GM"]
[BlackTitle "GM"]
[WhiteElo "2796"]
[BlackElo "2745"]
[WhiteFideId "2020009"]
[BlackFideId "24116068"]
[EventDate "2024.07.10"]

1. e4 c5 2. Nf3 d6 3. d4 cxd4 4. Nxd4 Nf6 5. Nc3 a6 6. Qd3 Nbd7 7. g3 b6 8. Bg2
Bb7 9. O-O e6 10. a4 Be7 11. b3 O-O 12. Bb2 Qc7 13. h3 Rfe8 14. g4 Nc5 15. Qe3
e5 16. Nf5 Ne6 17. Ne2 Nd7 18. Nxe7+ Rxe7 19. Rad1 Ndf8 20. Qc3 Ng6 21. Rd2 Qd8
22. Rfd1 Rd7 23. Qe3 b5 24. axb5 axb5 25. Ng3 Ra2 26. Bc3 Nef4 27. Nf5 Nxg2 28.
Kxg2 d5 29. exd5 Rxd5 30. Rxd5 Bxd5+ 31. Kh2 Rxc2 32. Bxe5 f6 33. Bg3 h6 34. Qa7 1-0

[Event "Superbet CRO Rapid 2024"]
[Site "Zagreb CRO"]
[Date "2024.07.12"]
[Round "8.4"]
[White "Firouzja, Alireza"]
[Black "Vidit, Santosh Gujrathi"]
[Result "0-1"]
[WhiteTitle "GM"]
[BlackTitle "GM"]
[WhiteElo "2744"]
[BlackElo "2720"]
[WhiteFideId "12573981"]
[BlackFideId "5029465"]
[EventDate "2024.07.10"]

1. Nc3 e5 2. Nf3 Nc6 3. d4 exd4 4. Nxd4 Nf6 5. Bg5 Bb4 6. Nxc6 dxc6 7. Qxd8+
Kxd8 8. O-O-O+ Ke7 9. e4 h6 10. Bh4 g5 11. Bg3 Ba5 12. f3 Be6 13. Ne2 Rhd8 14.
Nd4 Bb6 15. Bf2 Rd7 16. Be2 Rad8 17. Nxe6 Rxd1+ 18. Bxd1 fxe6 19. Bxb6 axb6 20.
h4 e5 21. hxg5 hxg5 22. Be2 b5 23. a3 b6 24. Bd3 Kf7 25. Kd2 Kg6 26. g3 Nh5 27.
Rg1 Rh8 28. Ke3 Nf6 29. c4 bxc4 30. Bxc4 Rh2 31. Be6 Rxb2 32. f4 Ne8 33. fxe5
Ng7 34. Bg8 c5 35. Rf1 g4 36. e6 Rb3+ 37. Ke2 Rf3 38. Rd1 Kf6 39. Rh1 Nxe6 40.
Rh6+ Kg7 41. Rxe6 Kxg8 42. Rg6+ Kf7 43. Rc6 Rxg3 44. Rxc7+ Ke6 45. Rc6+ Ke5 46.
Rxb6 Rxa3 47. Rg6 Kf4 48. Kf1 Kf3 0-1

[Event "Superbet CRO Rapid 2024"]
[Site "Zagreb CRO"]
[Date "2024.07.12"]
[Round "9.1"]
[White "Giri, Anish"]
[Black "Aronian, Levon"]
[Result "0-1"]
[WhiteTitle "GM"]
[BlackTitle "GM"]
[WhiteElo "2745"]
[BlackElo "2729"]
[WhiteFideId "24116068"]
[BlackFideId "13300474"]
[EventDate "2024.07.10"]

1. Nf3 d5 2. e3 Nf6 3. c4 e6 4. b3 Bd6 5. Bb2 c5 6. cxd5 exd5 7. Be2 O-O 8. O-O
b6 9. d4 Bb7 10. Nbd2 Re8 11. Ne5 cxd4 12. exd4 Nbd7 13. Ndf3 Rc8 14. Rc1 Rxc1
15. Qxc1 a6 16. Qg5 Nf8 17. Rc1 Ne6 18. Qh4 Qe7 19. Rc2 Ba3 20. Bxa3 Qxa3 21.
Ng4 Ne4 22. Ne3 Qb4 23. Nf5 Qf8 24. Bf1 g6 25. Nh6+ Kg7 26. Ng4 h5 27. Ne3 Qb4
28. g4 Rh8 29. g5 Rf8 30. Bh3 Nxd4 31. Nxd4 Qxd4 32. Rc7 Qa1+ 33. Nf1 Ba8 34.
Qf4 Kg8 35. Ra7 Qe1 36. Re7 Nxf2 37. Re3 d4 38. Qxd4 Nxh3+ 39. Rxh3 Qe2 40. Rg3
Rc8 41. h4 Rc1 42. Qf4 Rd1 43. a4 Bd5 44. Qf2 Qe4 45. Rh3 Bc6 46. Qh2 Qf5 0-1

[Event "Superbet CRO Rapid 2024"]
[Site "Zagreb CRO"]
[Date "2024.07.12"]
[Round "9.2"]
[White "So, Wesley"]
[Black "Firouzja, Alireza"]
[Result "1/2-1/2"]
[WhiteTitle "GM"]
[BlackTitle "GM"]
[WhiteElo "2757"]
[BlackElo "2744"]
[WhiteFideId "5202213"]
[BlackFideId "12573981"]
[EventDate "2024.07.10"]

1. d4 Nf6 2. c4 e6 3. Nc3 Bb4 4. e3 b6 5. Ne2 Ba6 6. a3 Be7 7. Nf4 d5 8. cxd5
Bxf1 9. Kxf1 exd5 10. g4 O-O 11. g5 Ne4 12. Nfxd5 Bxg5 13. Nxe4 Qxd5 14. Qf3 Nd7
15. Nxg5 Qxg5 16. Rg1 Qb5+ 17. Qe2 Qf5 18. Qg4 Qb5+ 19. Qe2 Qf5 20. Qg4 Qb5+ 21.
Qe2 1/2-1/2

[Event "Superbet CRO Rapid 2024"]
[Site "Zagreb CRO"]
[Date "2024.07.12"]
[Round "9.3"]
[White "Vidit, Santosh Gujrathi"]
[Black "Nepomniachtchi, Ian"]
[Result "0-1"]
[WhiteTitle "GM"]
[BlackTitle "GM"]
[WhiteElo "2720"]
[BlackElo "2770"]
[WhiteFideId "5029465"]
[BlackFideId "4168119"]
[EventDate "2024.07.10"]

1. e4 c5 2. Nf3 d6 3. d4 cxd4 4. Nxd4 Nf6 5. Nc3 a6 6. Bd3 e5 7. Nde2 Be6 8. f4
exf4 9. Nxf4 Nc6 10. O-O Ne5 11. Kh1 Be7 12. Be3 O-O 13. a4 Qd7 14. Bd4 Rae8 15.
Qe1 Nc6 16. Bg1 Bd8 17. Qg3 Kh8 18. Rad1 Bg4 19. Rd2 Nh5 20. Nxh5 Bxh5 21. Bc4
Ne5 22. Bb3 Qc6 23. Bd5 Qc8 24. Bd4 Bg6 25. Rdf2 f6 26. Ne2 Nc6 27. Rf4 Ne7 28.
Rxf6 Rxf6 29. Bxf6 Nxd5 30. Bxd8 Qxd8 0-1

[Event "Superbet CRO Rapid 2024"]
[Site "Zagreb CRO"]
[Date "2024.07.12"]
[Round "9.5"]
[White "Vachier-Lagrave, Maxime"]
[Black "Caruana, Fabiano"]
[Result "0-1"]
[WhiteTitle "GM"]
[BlackTitle "GM"]
[WhiteElo "2718"]
[BlackElo "2796"]
[WhiteFideId "623539"]
[BlackFideId "2020009"]
[EventDate "2024.07.10"]

1. e4 e5 2. Nf3 Nc6 3. Bb5 a6 4. Ba4 Nf6 5. O-O Bc5 6. c3 b5 7. Bb3 d6 8. d4 Bb6
9. a4 Bb7 10. Re1 Ne7 11. a5 Ba7 12. Be3 exd4 13. Bxd4 Bxd4 14. Qxd4 c5 15. Qe3
O-O 16. Nbd2 Nc6 17. Qf4 Nxa5 18. Bc2 Nc6 19. Nf1 Qc7 20. Ng3 Ne7 21. e5 dxe5
22. Nxe5 Rae8 23. Nd3 Qc6 24. Qf3 Qxf3 25. gxf3 c4 26. Nc5 Bxf3 27. Re3 Bg4 28.
Rxa6 Ned5 29. Rxe8 Rxe8 30. Nge4 Bf3 31. Kf1 h6 32. Nd6 Rb8 33. Nf5 Bg4 34. Nd4
b4 35. f3 bxc3 36. bxc3 Ne3+ 37. Ke2 Nxc2 38. fxg4 Nxd4+ 39. cxd4 Rd8 40. h3
Rxd4 41. Ra4 Nd5 42. Kf3 Rf4+ 43. Kg3 g5 44. Ra8+ Kh7 45. Rc8 c3 46. Nd3 Rd4 47.
Nf2 Kg7 48. Rc5 Kf6 49. Kf3 Ke5 50. Rc6 Rd2 51. Rxh6 Rxf2+ 52. Kxf2 c2 0-1